¡Que nadie toque nada!: mitos y realidades del procedimiento policial y forense (Registro nro. 11943)

Detalles MARC
000 -Cabecera
Campo de control de longitud fija 00674ntm a22002657a 4500
005 - Fecha y hora de la última transacción
Campo de control 20251024150320.0
008 - Elementos de longitud fija--Información general
Campo de control de longitud fija 190524b2018 xxu||||| |||| 00| 0 spa d
020 ## - International Standard Book Number
Número Internacional Estándar del Libro (ISBN) 9788441539945
041 ## - Idioma
Código de idioma Español
082 ## - Clasificación Decimal Dewey
Número de clasificación 363.25 R934q
100 ## - Entrada principal--Autor personal
Nombre personal Ruíz Grau, Blas
9 (RLIN) 53701
245 ## - Título propiamente dicho
Título ¡Que nadie toque nada!: mitos y realidades del procedimiento policial y forense
260 ## - Pie de imprenta
Lugar de publicación, distribución, etc. España
260 ## - Pie de imprenta
Nombre del editor, distribuidor, etc. Oberon
260 ## - Pie de imprenta
Fecha de publicación, distribución, etc. 2018
300 ## - Descripción física
Extensión 212 páginas
490 ## - Serie
Título de la Serie Investigación Criminal
650 ## - Materia general
Temática (materia general) INVESTIGACIÓN CRIMINAL
650 ## - Materia general
Temática (materia general) HUELLAS
650 ## - Materia general
Temática (materia general) FORENSES
650 ## - Materia general
Temática (materia general) ADN
650 ## - Materia general
Temática (materia general) ARMAS
650 ## - Materia general
Temática (materia general) PSICÓPATAS
942 ## - Punto de acceso adicional KOHA
Tipo de ítem KOHA Libro
Fuente del sistema de clasificación o colocación Dewey Decimal Classification
Existencias
Signatura completa Código de barras Programa Académico Tipo de ítem
363.25 R934q 24313 Investigación Criminal Libro